| 000 | 00545nam a2200157 4500 | ||
|---|---|---|---|
| 001 | 144961 | ||
| 003 | ES-MaACL | ||
| 007 | t| | ||
| 008 | 070214s1949 ag r ||||1| spa d | ||
| 100 | 1 |
_aSmith, Kenneth M. _9106904 |
|
| 245 | 1 | 4 |
_aLos virus, enemigos de la vida / _cKenneth M. Smith ; [traducción del inglés por Felipe Jiménez de Asúa]. |
| 260 |
_aBuenos Aires : _bLosada, _c1949 ( _fSebastián de Amorrortu) |
||
| 300 |
_a194 p., 9 lám. ; _c20 cm. |
||
| 700 | 1 |
_aJiménez de Asúa, Felipe. _966490 |
|
| 852 |
_aES-MaACL _jB-7834 _bR.29528 |
||
| 999 |
_c144961 _d144961 |
||